000
00341nam a2200145Ia 4500
008
150201s2012 xx 000 0 und d
082
_a
610.7362
_b
P12K
100
_a
KALIA, RAMAN
245
_a
PEDIATRIC NURSING PROCEDURES
250
_a
1ST
260
_b
JAYPEE
_a
DELHI
_c
2012
300
_a
110
650
_a
PEDIATRICS
942
_2
ddc
_c
BK
_0
2
999
_c
2305
_d
2305